| 000 | 00506nam a2200181Ia 4500 | ||
|---|---|---|---|
| 999 |
_c1678 _d1678 |
||
| 003 | OSt | ||
| 005 | 20200922123552.0 | ||
| 008 | 190216s9999||||xx |||||||||||||| ||und|| | ||
| 020 | _a9788121928090 | ||
| 040 | _coclc | ||
| 082 |
_a581 _bPAN/B |
||
| 100 |
_aPandey, B P _94781 |
||
| 245 | 0 |
_aBotany For Degree Students Bsc 1st Year / _cB P Pandey |
|
| 260 |
_bS Chand & Company, _aNew Delhi: _c2007. |
||
| 300 | _a851p | ||
| 650 | _aBotany | ||
| 942 |
_cBK _2ddc _h581 _iPAN/B _k581 _mPAN/B |
||